Municipalities of Liechtenstein Map Quiz - Statistics

General Stats
  • This quiz has been taken 313 times
  • The average score is 8 of 11
Answers on the Map
Answers color-coded by a green-red scale on the quiz's map according to % correct below.
 
Answer Stats
Answer % Correct
Vaduz
87%
Triesen
82%
Triesenberg
80%
Balzers
79%
Schaan
77%
Gamprin
76%
Eschen
74%
Ruggell
74%
Planken
73%
Mauren
70%
Schellenberg
69%
No matching quizzes found
Score Distribution
Percent of People with Each Score
Percentile by Number Answered
Your Score History
You have not taken this quiz